Zaroblenyj karbovanec' hruzyns'ka narodna kazka

Podrobná bibliografia
Médium: Článok
Jazyk:ukrajinčina
Fyzický popis:Ilustr.
ISSN:1337-6314
Predmet:

MARC

LEADER 00000cab a2200000 a 4500
001 vtls009460765
003 SK-MaSNL
005 20260304055138.0
008 190503c2007 xo mr p 000 c0ukr
015 |a SNBRB2009/01 
038 |a SVKPOCL 
040 |a SVKPOCL  |b slo  |c SVKPOCL  |d SVKPOCL  |e AACR2 
041 0 |a ukr 
044 |a xo  |c SK 
080 |a 821.353.1-34=161.2  |2 2001 
080 |a 821.353.1-93=161.2  |2 2001 
245 0 0 |a Zaroblenyj karbovanec'  |b hruzyns'ka narodna kazka 
300 |b Ilustr. 
650 0 7 |a gruzínska literatúra  |2 svkpocl  |9 77583 
650 0 7 |a gruzínske prózy  |2 svkpocl  |9 1044688 
650 0 7 |a literatúra pre deti a mládež  |2 svkpocl  |9 21893 
651 7 |a Gruzínsko  |2 svkpocl  |9 19844 
655 7 |a ľudové rozprávky, gruzínske  |2 svkpocl  |9 1044689 
773 0 |t Veselka  |g Rič. [60], č. 1 (2008/2009), s. 4  |x 1337-6314 
852 |a SVKPO  |b KIS3GCP 
958 |a UK 
958 |a LX 
958 |a GE 
958 |a SK 
999 |c 2722597  |d 2724527